USWNT Roster FIFA WWC 2019 - Statistics

General Stats
  • This quiz has been taken 412 times
  • The average score is 17 of 23
Answer Stats
Position Player % Correct
F Alex Morgan
98%
F Megan Rapinoe
91%
F Tobin Heath
87%
F Christen Press
85%
GK Alyssa Naeher
83%
D Crystal Dunn
82%
D Kelley O'hara
81%
M Rose Lavelle
81%
M Samantha Mewis
81%
M Lindsey Horan
80%
F Mallory Pugh
77%
GK Ashlyn Harris
75%
M Julie Ertz
74%
GK Adrianna Franch
69%
D Becky Sauerbrunn
69%
D Abby Dahlkemper
67%
F Carli Lloyd
67%
D Ali Krieger
66%
D Emily Sonnett
60%
D Tierna Davidson
54%
M Allie Long
49%
F Jessica Mcdonald
49%
M Morgan Brian
49%
No matching quizzes found
Score Distribution
Percent of People with Each Score
Percentile by Number Answered
Your Score History
You have not taken this quiz